Camere separate

Sábháilte in:
Sonraí bibleagrafaíochta
Príomhchruthaitheoir: Tondelli, Pier Vittorio
Formáid: LEABHAR
Teanga:Teanga Anaithnid nó Neamhbhailí
Foilsithe / Cruthaithe: Milano: Bompiani, 2006
Clibeanna: Cuir clib leis
Níl clibeanna ann, Bí ar an gcéad duine le clib a chur leis an taifead seo!

MARC

LEADER 00000nam a2200000Ia 4500
001 864
003 NUMERAZIONE-ORIGINALE-BRESCIA
005 20260416121041.0
008 260206s9999 xx 000 0 und d
040 |c arcigay brescia 
100 |a Tondelli, Pier Vittorio 
245 0 |a Camere separate 
260 |a Milano:  |b Bompiani,  |c 2006 
500 |a Romanzi e racconti 
942 |2 ddc  |c BK  |n 0 
952 |0 0  |1 0  |2 ddc  |4 0  |6 13  |7 0  |9 28681  |a BS  |b BS  |d 2026-02-06  |i 864  |l 0  |o 1-3-*  |r 2026-02-06 22:40:40  |w 2026-02-06  |x [REVISIONARE]  |y BK 
999 |c 24338  |d 24338